Nezamestnanosť - neželaný primát SR v Európe

Fenomén nezamestnanosti ako sociálna a ekonomická priorita Slovenska. Nepriaznivé, dlhodobopôsobiace faktory nezamestnanosti. Hodnotenie nepriaznivého stavu nezamestnanosti v SR. Návrhy na riešenie nepriaznivého stavu nezamestnanosti.

Saved in:
Bibliographic Details
Main Author: Klinko, Ladislav
Format: Book Chapter
Language:Slovak
Subjects:
Tags: Add Tag
No Tags, Be the first to tag this record!

MARC

LEADER 00000naa a2200000 4500
001 r039467
005 20230825104251.4
041 0 |a slo 
044 |a SK 
245 1 0 |a Nezamestnanosť - neželaný primát SR v Európe  |c Ladislav Klinko 
520 |a Fenomén nezamestnanosti ako sociálna a ekonomická priorita Slovenska. Nepriaznivé, dlhodobopôsobiace faktory nezamestnanosti. Hodnotenie nepriaznivého stavu nezamestnanosti v SR. Návrhy na riešenie nepriaznivého stavu nezamestnanosti. 
610 2 0 |a nezamestnanosť 
610 2 0 |a Slovensko 
610 2 0 |a politika hospodárska 
610 2 0 |a situácia hospodárska 
610 2 0 |a reštrukturalizácia 
610 2 0 |a vývoj hospodársky 
100 1 |a Klinko, Ladislav